1855 1254 1138 1573 1890 1815 1015 1689 1179 1869 1775 1282 1947 1808 1676 1352 1333 1101 1785 1168 1243 1215 1895 1815 1240 1763 1574 1371 1403 1375 1636 1609 1335 1440 1385 1794 1591 1887 1913 1560 1385 1168 1368 1479 1718 1850 1583 1322 1169 1037 1371 1182 1840 1448 1771 1906 1330 1114 1614 1469 1449 1686 1777 1951 1771 1500 1820 1104 1752 1411 1560 1678 1391 1589 1387 1337 1376 1869 1030 1097 1807 1943 1280 1285 1600 1554 1013 1050 1024 1410 1697 1248 1770 1225 1935 1600 1921 1367 1590 BCNSPRNW ULIB Ver.6.0+V

เปลี่ยนเป็นภาษาไทย

Change to English
 แสดงรายละเอียดบรรณานุกรม
  กลับหน้าหลัก

Brief Record : Get Marc (ISO 2709) : E-mail record : QR code < ปิดหน้าต่าง
LEADER : 00000nam 2200000uu 4500
001    13399113382
003     ULIB
008    111109s2552||||th 000 0 tha d
020    9740411614(ล.2)
060 04 QZ4^bส798พ ล.2
245 00 พยาธิสรีรวิทยาทางการพยาบาล เล่ม2 /^cบรรณาธิการ, สุจินดาริมศรีทอง, สุดาพรรณ ธัญจิรา, อรุณศรี เตชัสหงส์
250    พิมพ์ครั้งที่ 3
260    กรุงเทพฯ :^bภาควิชาพยาบาลศาสตร์คณะแพทยศาสตร์โรงพยาบาลรามาธิบดี มหาวิทยาลัยมหิดล,^c2552
300    364 หน้า :^bภาพประกอบ ;^c26 ซม.
650  7 การพยาบาล
650  7 สรีรวิทยา
700 0  สุจินดา ริมศรีทอง,^eบรรณาธิการ
700 0  สุดาพรรณ ธัญจิรา,^eบรรณาธิการ
700 0  อรุณศรี เตซัสหงส์,^eบรรณาธิการ
710 2  มหาวิทยาลัยมหิดล. /^bคณะแพทยศาสตร์โรงพยาบาลรามาธิบดี.^bภาควิชาพยาบาลศาสตร์
945    ^p200^l0^i16478
945    ^p200^l0^i16643
995    กัณชพร
999    ^aใช้งานได้ทุกระบบ
รายการนี้ยังไม่มีแท็ก
คุณยังไม่ได้ล็อกอิน คุณสามารถมีกิจกรรมร่วมกับเว็บไซต์ได้ แต่ต้องล็อกอินก่อน ::
  ล็อกอิน

รายการสื่อสารสนเทศ

ลำดับที่ ประเภท เลขเรียก/บาร์โค้ด สถานที่ สถานะ
1. วิทยาศาสตร์การแพทย์ และสุขภาพ
วิทยาศาสตร์การแพทย์ และสุขภาพ
สถานะ=หนังสือเก่า
QZ4 ส798พ ล.2  
  Barcode: 16478
ห้องสมุดวิทยาเขตนครสวรรค์
►ส่วนจัดเก็บหนังสือเก่า นว.
บนชั้น
  ขอยืม

รายการใกล้เคียง
    หัวเรื่อง [การพยาบาล]
    หัวเรื่อง [สรีรวิทยา]

BibComment


ยังไม่เคยถูกคอมเมนท์

คอมเมนท์ทรัพยากรรายการนี้
  คอมเมนท์: พยาธิสรีรวิทยาทาง..


 Copyright 2026. Bcnsprnw @Library